| 000 | 01143nam a2200301 a 4500 | ||
|---|---|---|---|
| 001 | 000018500 | ||
| 005 | 20250430073846.0 | ||
| 008 | 100511s2010 dr 000 0 spa d | ||
| 020 | _a9789945163377 | ||
| 040 |
_aDO-SdBNP _bspa _cBNPHU |
||
| 082 |
_a158.1 _bS715p, 2010 |
||
| 100 | 1 |
_aSosa, José Rafael _964 |
|
| 245 | 1 | 0 |
_aPara levantar el vuelo : _b¡vivir es tan simple! / _cJosé Rafael Sosa ; edición al cuidado Claudio Pérez ; corrección Yackeline Díaz López, Kirsis Melo ; prólogo Altagracia Salazar. |
| 250 | _a2a ed. | ||
| 260 |
_aSanto Domingo : _bBuho, _c2010. |
||
| 300 |
_axxi, 125 p. ; _c22 cm. |
||
| 500 | _aIncluye datos biográficos del autor en la solapa de la cubierta | ||
| 590 | _aInventariado, 2018/MFF | ||
| 650 | 4 |
_aReflexiones (filosofía) _95464 |
|
| 650 | 0 |
_aVida cristiana _9668 |
|
| 650 | 0 |
_aAutorrealización (Psicología) _9211 |
|
| 650 | 4 |
_aTécnicas de autoayuda _9387 |
|
| 700 | 1 |
_aPérez, Claudio, _eed. _940017 |
|
| 700 | 1 |
_aDíaz López, Yackeline _940018 |
|
| 700 | 1 |
_aMelo, Kirsis _940019 |
|
| 700 | 1 |
_aSalazar, Altagracia, _epról. _96320 |
|
| 910 | _aValidado. Control de calidad MMOLINA | ||
| 999 |
_c18020 _d18020 |
||